Essai d'hématologie pathologique / (Record no. 23977)

MARC details
000 -LEADER
campo de control de longitud fija 00794nam a2200229 i 4500
001 - NÚMERO DE CONTROL
campo de control 23977
003 - IDENTIFICADOR DE NÚMERO DE CONTROL
campo de control ES-MaACL
005 - FECHA Y HORA DE LA ÚLTIMA TRANSACCIÓN
campo de control 20251009063050.0
007 - CAMPO FIJO DE DESCRIPCIÓN FÍSICA--INFORMACIÓN GENERAL
campo de control de longitud fija t|
008 - DATOS DE LONGITUD FIJA--INFORMACIÓN GENERAL
campo de control de longitud fija 021213s1843 fr |||| | fre d
100 1# - ENTRADA PRINCIPAL--NOMBRE DE PERSONA
Nombre de persona Andral, Gabriel,
Fechas asociadas al nombre 1797-1876
9 (RLIN) 21531
245 10 - MENCIÓN DEL TÍTULO
Título Essai d'hématologie pathologique /
Mención de responsabilidad, etc. G. Andral.
260 ## - PUBLICACIÓN, DISTRIBUCIÓN, ETC.
Lugar de publicación, distribución, etc. Paris :
Nombre del editor, distribuidor, etc. Fortin, Masson et Cie, libraires,
Fecha de publicación, distribución, etc. 1843.
300 ## - DESCRIPCIÓN FÍSICA
Extensión 186 p. ;
Dimensiones 20 cm.
530 ## - NOTA DISPONIBLE DE FORMULARIO FÍSICO ADICIONAL
Nota de formato físico adicional disponible Disponible en formato digital.
650 04 - PUNTO DE ACCESO ADICIONAL DE MATERIA--TÉRMINO DE MATERIA
Término de materia o nombre geográfico como elemento de entrada Sangre-
Subdivisión general Enfermedades.
9 (RLIN) 16982
650 #4 - PUNTO DE ACCESO ADICIONAL DE MATERIA--TÉRMINO DE MATERIA
Término de materia o nombre geográfico como elemento de entrada Hematología.
9 (RLIN) 13300
852 ## - LOCALIZACIÓN
Ubicación ES-MaACL
Número de control de estantería T-621-F-2
852 ## - LOCALIZACIÓN
Ubicación ES-MaACL
Número de control de estantería R-1362(1)
Nota libre .- Donat. Mateo Seoane
856 ## - LOCALIZACIÓN Y ACCESO ELECTRÓNICOS
Identificador Uniforme de Recursos <a href="https://reader.digitale-sammlungen.de/resolve/display/bsb10470290.html">https://reader.digitale-sammlungen.de/resolve/display/bsb10470290.html</a>
Nota pública Biblioteca Estatal de Baviera
Holdings
Estatus retirado Estado de pérdida Estado de daño No para préstamo Colección Biblioteca de origen Biblioteca actual Ubicación en estantería Fecha de adquisición Fuente de adquisición Total de préstamos Signatura topográfica completa Código de barras Visto por última vez Precio de reemplazo Tipo de ítem Koha
        Colección digital Biblioteca del Ateneo de Madrid Biblioteca del Ateneo de Madrid Depósito 24/07/2014     R-1360-71(1) 1192963 23/02/2023 23/02/2023 Libro impreso antiguo
        Colección de folletos Biblioteca del Ateneo de Madrid Biblioteca del Ateneo de Madrid Depósito folletos 17/01/2008     T-621-F-2 1024713 23/02/2023 23/02/2023 Folleto